002390000a220007300045001000018000002450093000180410013001117730041001241 aFowler, H. G.10aLeaf cuttings ants of the genera atta and acromymex of Paraguay (Hymenoptera Formicidae)0 aInglés1 tDtsch. ent. Z.h1-3q19-34d1985g32